Royal Houses of Former Monarchies by Arms - Statistics

General Stats
  • This quiz has been taken 200 times
  • The average score is 10 of 18
Answer Stats
Picture Hint Answer % Correct
France House of Bourbon
94%
Russia House of Romanov
93%
Austria + Hungary House of Habsburg
89%
Turkey House of Osman
87%
Italy House of Savoy
78%
Germany House of Hohenzollern
77%
USA House of Hanover
67%
China House of Aisin Gioro (Qing dynasty)
66%
Portugal House of Braganza
55%
Brazil House of Braganza
51%
Greece House of Glücksburg
49%
Iran House of Pahlavi
46%
Ethiopia House of Solomon
44%
Albania House of Zogu
42%
Iraq Hashemites (House of Hashim)
36%
Romania House of Hohenzollern-Sigmaringen
28%
Mexico House of Iturbide
24%
Korea House of Yi
17%
No matching quizzes found
Score Distribution
Percent of People with Each Score
Percentile by Number Answered
Your Score History
You have not taken this quiz